Top 100 Premier League Players 2021/22 - Statistics

General Stats
  • This quiz has been taken 1,074 times
  • The average score is 66 of 100
Answer Stats
Rank Club Nation Player % Correct
#1 Manchester City Belgium Kevin De Bruyne
100%
#3 Tottenham Hotspur England Harry Kane
99%
#4 Liverpool Egypt Mohamed Salah
99%
#9 Tottenham Hotspur South Korea Heung-Min Son
98%
#7 Liverpool Senegal Sadio Mane
98%
#2 Liverpool Netherlands Virgil Van Dijk
98%
#8 Manchester City Algeria Riyad Mahrez
96%
#6 Chelsea France N'Golo Kante
93%
#14 Manchester City Portugal Bernardo Silva
92%
#5 Manchester United France Paul Pogba
92%
#10 Chelsea Brazil Thiago Silva
92%
#11 Liverpool Brazil Roberto Firmino
89%
#68 Tottenham Hotspur England Dele Alli
88%
#13 Liverpool England Trent Alexander-Arnold
87%
#24 Liverpool Scotland Andrew Robertson
86%
#29 Leicester City England Jamie Vardy
86%
#18 Manchester City Germany Ilkay Gundogan
85%
#25 Liverpool Brazil Alisson
84%
#20 Manchester United England Marcus Rashford
84%
#19 Manchester United Uruguay Edinson Cavani
82%
#12 Aston Villa England Jack Grealish
82%
#30 Liverpool England Jordan Henderson
82%
#17 Liverpool Brazil Fabinho
81%
#38 Manchester City England Kyle Walker
81%
#34 Manchester City England Phil Foden
81%
#26 Arsenal Gabon Pierre-Emerick Aubameyang
81%
#16 Liverpool Spain Thiago Alcantara
81%
#23 Manchester City Brazil Ederson
80%
#22 Everton Colombia James Rodriguez
80%
#32 Manchester City Spain Rodri
80%
#49 Manchester City England John Stones
79%
#37 Manchester United Portugal Bruno Fernandes
78%
#61 Chelsea Germany Kai Havertz
78%
#15 Manchester City England Raheem Sterling
78%
#45 Manchester City Portugal Ruben Dias
77%
#51 Chelsea Italy Jorginho
76%
#47 Manchester United England Harry Maguire
75%
#66 Chelsea United States Christian Pulisic
73%
#65 Liverpool Portugal Diogo Jota
73%
#33 Aston Villa Argentina Emiliano Martinez
73%
#74 Chelsea England Reece James
72%
#67 Arsenal England Bukayo Saka
71%
#53 Chelsea Germany Timo Werner
71%
#40 Chelsea Senegal Edouard Mendy
70%
#57 Manchester United England Luke Shaw
70%
#62 Chelsea Croatia Mateo Kovacic
70%
#27 Wolves Portugal Ruben Neves
70%
#48 Manchester City Portugal Joao Cancelo
69%
#28 Manchester City Brazil Fernandinho
68%
#56 Chelsea Morocco Hakim Ziyech
68%
#59 Tottenham Hotspur France Hugo Lloris
68%
#41 Chelsea Germany Antonio Rudiger
67%
#21 Chelsea Spain Cesar Azpilicueta
67%
#52 Chelsea England Mason Mount
67%
#60 Wolves Mexico Raul Jimenez
67%
#58 Manchester United France Anthony Martial
66%
#43 Leicester City Belgium Youri Tielemans
66%
#84 Manchester City Ukraine Oleksandr Zinchenko
65%
#46 Leicester City Denmark Kasper Schmeichel
64%
#39 Arsenal Ivory Coast Nicolas Pepe
64%
#35 Tottenham Hotspur Denmark Pierre-Emile Hojbjerg
64%
#31 Manchester City Spain Aymeric Laporte
63%
#69 West Ham United Czech Republic Tomas Soucek
62%
#64 Arsenal Scotland Kieran Tierney
61%
#70 West Ham United England Declan Rice
60%
#44 Leicester City England James Maddison
60%
#100 Norwich City Finland Teemu Pukki
60%
#50 Leicester City Nigeria Wilfred Ndidi
60%
#82 Crystal Palace Ivory Coast Wilfried Zaha
60%
#36 Wolves Portugal Joao Moutinho
55%
#90 Everton Brazil Richarlison
54%
#86 Everton Iceland Gylfi Sigurdsson
53%
#55 Chelsea England Ben Chilwell
52%
#91 Arsenal France Alexandre Lacazette
51%
#63 Southampton England James Ward-Prowse
51%
#89 Leeds United Brazil Raphinha
49%
#85 Southampton England Danny Ings
45%
#71 Tottenham Hotspur Belgium Toby Alderweireld
45%
#95 Watford Senegal Ismaila Sarr
44%
#97 Brighton & Hove Albion Belgium Leandro Trossard
44%
#88 West Ham United Czech Republic Vladimir Coufal
44%
#80 Newcastle United France Allan Saint-Maximin
43%
#73 Aston Villa Argentina Emiliano Buendia
43%
#79 Wolves Portugal Pedro Neto
42%
#92 Everton England Dominic Calvert-Lewin
41%
#81 Leeds United England Kalvin Phillips
40%
#78 Leicester City Portugal Ricardo Pereira
40%
#87 West Ham United Algeria Said Benrahma
39%
#76 Tottenham Hotspur France Tanguy Ndombele
39%
#54 Everton France Lucas Digne
38%
#99 Brighton & Hove Albion England Ben White
37%
#72 Arsenal England Emile Smith Rowe
37%
#77 Leicester City England Harvey Barnes
37%
#94 Brighton & Hove Albion Mali Yves Bissouma
37%
#75 Wolves Spain Adama Traore
36%
#98 Brighton & Hove Albion England Lewis Dunk
36%
#96 Wolves England Conor Coady
34%
#42 Manchester United England Jesse Lingard
31%
#83 Tottenham Hotspur Spain Sergio Reguilon
30%
#93 Leicester City France Wesley Fofana
29%
No matching quizzes found
Score Distribution
Percent of People with Each Score
Percentile by Number Answered
Your Score History
You have not taken this quiz